Warrior cats Shadowclan - Statistics

General Stats
  • This quiz has been taken 58 times
    4 since last reset
  • The average score is 23 of 245
Answer Stats
Shadowclan % Correct
Blackstar
100%
Brokenstar
100%
Rowanclaw
100%
Yellowfang
100%
Littlecloud
75%
Nightstar
75%
Raggedstar
75%
Runningnose
75%
Tawnypelt
75%
TigerstarAvos
75%
TigerstarTpb
75%
Boulder
50%
Cedarstar
50%
Clawface
50%
Dovewing
50%
Flametail
50%
Russetfur
50%
Yarrowleaf
50%
Berryheart
25%
Birchfeather
25%
Blazefire
25%
Brackenfoot
25%
Brownpaw
25%
Cinderfur
25%
Cinnamontail
25%
Cloudpelt
25%
Cloverfoot
25%
Darktail
25%
Dawnpelt
25%
Featherstorm
25%
Foxheart
25%
Hollyflower
25%
Houndstar
25%
Juniperclaw
25%
Lightleap
25%
Littlebird
25%
Lizardfang
25%
Lizardstripe
25%
Nettle
25%
Nettlespot
25%
Nutwhisker
25%
Poolcloud
25%
Pouncestep
25%
Rowanberry
25%
Sagewhisker
25%
Scorchwind
25%
Shadowsight
25%
Shadowstar
25%
Silverflame
25%
Spireclaw
25%
Stonetooth
25%
Sunbeam
25%
Tallpoppy
25%
Tangleburr
25%
Violetshine
25%
Whitethroat
25%
Wolfstep
25%
Amberleaf
0%
Antfur
0%
ApplefurOots
0%
ApplefurTf
0%
Archeye
0%
Ashfur
0%
Ashheart
0%
Badgerfang
0%
Beechpaw
0%
Beenose
0%
Birchbark
0%
Blizzardstar
0%
Blizzardwing
0%
Bloompetal
0%
Blossomkit
0%
Bluebellkit
0%
Brackenpelt
0%
Breezeheart
0%
Brightflower
0%
Brightwhisker
0%
Brindlestar
0%
Bubbling stream
0%
Buster
0%
Cedarheart
0%
Conefoot
0%
Crowfrost
0%
Crowtail
0%
Dangling leaf
0%
Darkflower
0%
Dawncloud
0%
Dawnstar
0%
Deerfoot
0%
Deerleap
0%
Dewkit
0%
Dew nose
0%
Driftkit
0%
Duskfur
0%
Dusk nose
0%
Eagle feather
0%
Fallowkit
0%
Fernshade
0%
Ferretclaw
0%
Finchflight
0%
Firbark
0%
Flaxfoot
0%
Flintfang
0%
Flowerstar
0%
Flowerstem
0%
Fognose
0%
Fringewhisker
0%
Frogtail
0%
Frondwhisker
0%
Frostdawn
0%
Gorseclaw
0%
Grassfoot
0%
Grassheart
0%
Graysky
0%
Graytail
0%
Gullswoop
0%
Harelight
0%
Hollowbelly
0%
Hollowspring
0%
Hollystar
0%
Hopekit
0%
Hopwhisker
0%
Icestar
0%
Ivytail
0%
Jagged peak
0%
Jaggedtooth
0%
Jumpfoot
0%
Juniper branch
0%
Kinkfur
0%
Lakestorm
0%
Lavenderkit
0%
Lilyfur
0%
Lilystar
0%
Lioneye
0%
Littlekit
0%
Lizardtail
0%
Logfur
0%
Maggottail
0%
Mallownose
0%
Marigoldkit
0%
Marshkit
0%
Marshpaw
0%
Marshscar
0%
Minnowtail
0%
Mintkit
0%
Mistcloud
0%
Mistpool
0%
Molepelt
0%
Moon shadow
0%
Mossfire
0%
Mossheart
0%
Mosspaw
0%
Moth flight
0%
Mothwing
0%
Mouse ear
0%
Mousewing
0%
Mudclaw
0%
Mud paws
0%
Needletail
0%
Newtspeck
0%
Nightheart
0%
Nightsky
0%
Nightwhisper
0%
Nightwing
0%
Oakfur
0%
Oakleaf
0%
Olivenose
0%
Owlclaw
0%
Owlnose
0%
Palefoot
0%
Pebble heart
0%
Pinebrush
0%
Pinenose
0%
Podlight
0%
Poolpaw
0%
Pouncetail
0%
Puddleshine
0%
Quickpaw
0%
Quietkit
0%
Rain
0%
Ratscar
0%
Raven
0%
Ravencry
0%
Ravenstar
0%
Redcloud
0%
Redscar
0%
Redthistle
0%
Redwillow
0%
Ripplestar
0%
Roach
0%
Rowankit
0%
Rubblekit
0%
Scorchfur
0%
Sedgestar
0%
Shade pelt
0%
Shredtail
0%
Shrewfoot
0%
Silvermask
0%
Slatefur
0%
Sleekwhisker
0%
Sloefur
0%
Smokefoot
0%
SmokepawSotc
0%
SmokepawTnp
0%
Smoketalon
0%
Snakestar
0%
Snaketooth
0%
Sneezecloud
0%
Snowbird
0%
Snowstar
0%
Snowtuft
0%
Sol
0%
Sparrowtail
0%
Spiderfoot
0%
Spikefur
0%
Spiresight
0%
Splashnose
0%
Splashtail
0%
Spottedpaw
0%
Sprucetip
0%
Starlingwing
0%
Stoatfur
0%
Stonewing
0%
Storm pelt
0%
Streamripple
0%
Strikestone
0%
Stumpytail
0%
Sunnytail
0%
Sun shadow
0%
Swampkit
0%
Talonpaw
0%
Thornwhisker
0%
Toadfoot
0%
Toadskip
0%
Turtlekit
0%
Volewhisper
0%
Wasptail
0%
Weaselkit
0%
Wetfoot
0%
Whisperbreeze
0%
Whitewater
0%
Whorlpelt
0%
Wildfur
0%
Wishkit
0%
Yellowstar
0%
No matching quizzes found
Score Distribution
Percent of People with Each Score
Percentile by Number Answered
Your Score History
You have not taken this quiz since the last reset